Who Wrote That? #12 - Statistics

General Stats
  • This quiz has been taken 48 times
  • The average score is 4 of 10
Answer Stats
Hint Explanation Answer % Correct
“Who controls the past controls the future. Who controls the present controls the past.” Nineteen Eighty-Four George Orwell
82%
“Tomorrow I’ll think of some way to get him back. After all, tomorrow is another day.” Gone With the Wind Margaret Mitchell
68%
“You pierce my soul. I am half agony. Half hope. Tell me not that I am too late, that such precious feelings are gone for ever.” Persuasion Jane Austen
43%
“Ever’body’s askin’ that. ‘What we comin’ to?’ Seems to me we don’t never come to nothin’. Always on the way.” The Grapes of Wrath John Steinbeck
43%
“So it goes…” Slaughterhouse-Five Kurt Vonnegut
39%
“Hog Butcher for the World,
  Tool Maker, Stacker of Wheat,
  Player with Railroads and the Nation's Freight Handler;
  Stormy, husky, brawling,
  City of the Big Shoulders:”
“Chicago” Carl Sandburg
29%
“Memories warm you up from the inside. But they also tear you apart.” Kafka on the Shore Haruki Murakami
21%
“Generally, by the time you are Real, most of your hair has been loved off, and your eyes drop out and you get loose in the joints and very shabby. But these things don’t matter at all, because once you are Real you can’t be ugly, except to people who don’t understand.” The Velveteen Rabbit Margery Williams
21%
“Life is to be lived, not controlled; and humanity is won by continuing to play in face of certain defeat.” Invisible Man Ralph Ellison
11%
“There are years that ask questions and years that answer.” Their Eyes Were Watching God Zora Neale Hurston
11%
No matching quizzes found
Score Distribution
Percent of People with Each Score
Percentile by Number Answered
Your Score History
You have not taken this quiz